000 00458nam a22001577a 4500
005 20250904150409.0
008 250904b |||||||| |||| 00| 0 eng d
020 _a978-93-7473-734-7
041 _aeng
100 _aTIWARI, MEGHA
_98665
245 _aA TEXTBOOK OF HOSPITAL AND CLINICAL PHARMACY:Exclusively prepared for D PHARM [2ND YEAR STUDENTS]
260 _aDELHI
_bAITBS PUBLISHERS INDIA
_c2025
300 _a243;P
650 _aPHARMACY
942 _cBK
999 _c8793
_d8791